Woodrow Wilson and the lost peace /

Bibliographic Details
Main Author: Bailey, Thomas Andrew, 1902-1983
Format: Book
Language:English
Published: Chicago : Quadrangle Books, [1963]
Series:A Quadrangle paperback
Subjects:

MARC

Tag First Indicator Second Indicator Subfields
LEADER 00000cam a2200000 4500
001 in00000012859
005 20171028063253.0
008 741008c19631944iluab b 00110 eng d
035 |a (OCoLC)01035445 
035 |9 AAA5436AM 
040 |a WAL  |c WAL  |d OCL  |d m.c.  |d OCL  |d WSU  |d OCL  |d TXA  |d UtOrBLW 
049 |a TXAM  |c [A11042648] 
050 4 |a D643.A7  |b B35 1963 
100 1 |a Bailey, Thomas Andrew,  |d 1902-1983. 
245 1 0 |a Woodrow Wilson and the lost peace /  |c by Thomas A. Bailey. 
246 3 |a Woodrow Wilson & the lost peace 
264 1 |a Chicago :  |b Quadrangle Books,  |c [1963] 
264 4 |c [©1944] 
300 |a xii, 381 pages :  |b illustrations, maps ;  |c 21 cm. 
336 |a text  |b txt  |2 rdacontent 
337 |a unmediated  |b n  |2 rdamedia 
338 |a volume  |b nc  |2 rdacarrier 
490 0 |a A Quadrangle paperback 
500 |a Includes index. 
504 |a "Bibliographical notes": pages 326-370. 
536 |a From the Library Of Betty Miller Unterberger, Patricia and Bookman Peters Professor of History, December 2005. 
600 1 0 |a Wilson, Woodrow,  |d 1856-1924. 
630 0 0 |a Treaty of Versailles  |d (1919 June 28) 
650 0 |a World War, 1914-1918  |z United States. 
611 2 0 |a Paris Peace Conference (1919-1920) 
999 |a MARS 
999 f f |s 17c361fe-7bf6-3d37-9530-1fb17db32665  |i 2e18da86-be11-310d-8cc2-a3277161887b  |t 0 
952 f f |p ric  |a Texas A&M University  |b Rellis Campus  |c Joint Library Facility  |d Remote Storage  |t 0  |e D643.A7 B35 1963  |h Library of Congress classification  |i unmediated -- volume  |m A14834030254 
998 f f |a D643.A7 B35 1963  |t 0  |l Remote Storage